000 02212nam0a2200385 4500
001 RU\NLR\bibl\561845
005 20260405103214.0
010 _a5-88789-139-4
_9400
021 _aRU
_b2004-17832
_9914
035 _aRSL-KNO-002417478
035 _a(NLR Aleph) 000553957
090 _a1490103
_c1490103
100 _a20040330d2004 |||y0rusy50 ca
101 0 _arus
102 _aRU
105 _aa |||||||||
106 _ar
200 1 _aАппаратные средства и организация персонального компьютера
_eУчеб. пособие для студентов вузов, обучающихся по группе направлений подгот. бакалавров 550000 - "Техн. науки" дисциплине "Информатика"
_fГ.А. Дудкин, Д.Д. Кондратьев, С.Ю. Неклюдов
_gМ-во трансп. Рос. Федерации, С.-Петерб. гос. ун-т вод. коммуникаций
210 _aСПб.
_cСПбГУВК
_d2004
_eИИЦ ФГОУВПО СПбГУВК
215 _a585 с.
_cил.
_d21
320 _aБиблиогр.: с. 582-584 (48 назв.)
606 0 _aКомпьютеры персональные
_jРуководства, пособия и т.п. для высшей школы
_xАппаратное обеспечение
_92075204
_3RU\NLR\auth\661250259
606 0 _aКомпьютеры персональные
_jУчебные издания для высших учебных заведений
_xАппаратное обеспечение
_92075204
_3RU\NLR\auth\661250259
686 _aЗ973.26-04я73-1
_2rubbk
686 _aЗ973.23-04я73-1
700 1 _aДудкин
_bГ. А.
_gГеннадий Алексеевич
_4070
701 1 _aКондратьев
_bД. Д.
_gДмитрий Дмитриевич
_4070
701 1 _4070
_8rus
_7ca
_aНеклюдов
_bС. Ю.
_cканд. техн. наук
_f1951-
_gСергей Юрьевич
_3RU\NLR\auth\7738870
_921854
801 0 _aRU
_bRuMoRKP
_c20040330
_gPSBO
801 1 _aRU
_bRuMoRKP
_c20040330
801 2 _aRU
_bNLR
_c20041013
_gPSBO
830 _aАвт. по кн.
942 _cBOOK
980 _aNB